| 000 | 00455nam a2200169Ia 4500 | ||
|---|---|---|---|
| 008 | 220216s9999 xx 000 0 und d | ||
| 100 |
_aPlaschke J _cet al |
||
| 245 | 0 | _aRFLP mapping of genes affecting plant height and growth habit in rye | |
| 260 |
_bTheoretical and Applied Genetics _c1993 |
||
| 300 | _a1049-1054 | ||
| 650 | _aDwarfism | ||
| 650 | _aGenetic mapping | ||
| 650 | _aRFLP | ||
| 650 | _aRye | ||
| 650 | _aVernalisation | ||
| 942 | _cJS | ||
| 999 |
_c67014 _d67014 |
||